Statistics for Countries From Largest To Smallest Starting With B

Click here to take the quiz!

General Stats

  • This quiz has been taken 41 times
  • The average score is 13 of 17

Answer Stats

SizeAnswer% Correct
8,514,877 sq.kmBrazil
97%
1,098,581 sq.kmBolivia
92%
582,000 sq.kmBotswana
86%
30,528 sq.kmBelgium
86%
13,943 sq.kmBahamas
83%
431 sq.kmBarbados
81%
5,765 sq.kmBrunei
78%
207,595 sq.kmBelarus
78%
741 sq.kmBahrain
75%
51,197 sq.kmBosnia And Herzegovina
75%
112,622 sq.kmBenin
72%
143,998 sq.kmBangladesh
72%
38,394 sq.kmBhutan
72%
22,966 sq.kmBelize
69%
274,222 sq.kmBurkina Faso
69%
110,879 sq.kmBulgaria
67%
27,834 sq.kmBurundi
61%

Score Distribution

Percentile by Number Answered

Percent of People with Each Score

Your Score History

You have not taken this quiz